INREV unveils corporate governance principles and guidelines (Record no. 77234)
[ view plain ]
| 000 -LEADER | |
|---|---|
| fixed length control field | 01076cab a2200205 4500 |
| 001 - CONTROL NUMBER | |
| control field | ##L133865 |
| 008 - FIXED-LENGTH DATA ELEMENTS--GENERAL INFORMATION | |
| fixed length control field | 060614n2006 000 0 eng u |
| 035 ## - SYSTEM CONTROL NUMBER | |
| System control number | (Sirsi) u133865 |
| 041 0# - LANGUAGE CODE | |
| Language code of text/sound track or separate title | eng |
| 110 2# - MAIN ENTRY--CORPORATE NAME | |
| Corporate name or jurisdiction name as entry element | European Association for Investors in Non-listed Real Estate Vehicles |
| 9 (RLIN) | 4954 |
| 245 00 - TITLE STATEMENT | |
| Title | INREV unveils corporate governance principles and guidelines |
| 260 ## - PUBLICATION, DISTRIBUTION, ETC. | |
| Date of publication, distribution, etc. | 2006 |
| 490 #0 - SERIES STATEMENT | |
| Series statement | INREV Press Releases |
| 520 ## - SUMMARY, ETC. | |
| Summary, etc. | Notifies of the publication of INREV's proposed standards for the European non-listed real estate investment industry. The consultation process for INREV members ends on 31 July 2006. The standards are designed to make the sector more transparent, and centre on definitions of terms (for types of funds, key reporting, and yields). Gives contact details for obtaining the full report. (See also L133866). |
| 590 ## - LOCAL NOTE (RLIN) | |
| Local note | IKA200606 |
| 651 #4 - SUBJECT ADDED ENTRY--GEOGRAPHIC NAME | |
| Geographic name | EUROPEAN |
| 690 ## - LOCAL SUBJECT ADDED ENTRY--TOPICAL TERM (OCLC, RLIN) | |
| Topical term or geographic name as entry element | PROPERTY-PROPERTY FINANCE AND INVESTMENT-PROPERTY INVESTMENT MANAGEMENT |
| 856 40 - ELECTRONIC LOCATION AND ACCESS | |
| Uniform Resource Identifier | <a href="https://www.inrev.org/">https://www.inrev.org/</a> |
| Public note | View the item free of charge at www.inrev.org... |
| 942 ## - ADDED ENTRY ELEMENTS (KOHA) | |
| Suppress in OPAC | 0 |
| Withdrawn status | Lost status | Source of classification or shelving scheme | Damaged status | Not for loan | Home library | Current library | Shelving location | Date acquired | Total Checkouts | Full call number | Barcode | Date last seen | Copy number | Price effective from | Koha item type |
|---|---|---|---|---|---|---|---|---|---|---|---|---|---|---|---|
| Dewey Decimal Classification | Virtual | Virtual | Online | 14/06/2006 | ONLINE PUBLICATION | 133865-1001 | 06/08/2019 | 1 | 06/08/2019 | Journal article |